000 00420nam a2200169Ia 4500
008 151213s9999 xx 000 0 und d
020 _a81-8038-001-7
100 _aJustice M.N.Rao
245 _aThe General Classes Act
_cJustice M.N.Rao
250 _a10th
260 _aNew Delhi
_bLexis Nexis Butterwarth
_c2002
300 _a5890 p.
650 _aLaw
650 _aLaw
700 _aJustice M.N.Rao
999 _c3412
_d3412